Pri výstavbe bytu možno použiť rôzne finančné zdroje

Druhy štátnej a neštátnej podpory rozvoja bývania v SR. Nové legislatívne predpisy. Súbor základných predpisov, ktoré legislatívne upravujú systém poskytovania podpory rozvoja bývania. Podmienky a formy poskytnutej podpory.

Na minha lista:
Detalhes bibliográficos
Autor principal: Giller, Pavol
Formato: Capítulo de Livro
Idioma:eslovaco
Assuntos:
Tags: Adicionar Tag
Sem tags, seja o primeiro a adicionar uma tag!

MARC

LEADER 00000naa a2200000 4500
001 r025950
005 20230824090415.6
041 0 |a slo 
044 |a SK 
245 1 0 |a Pri výstavbe bytu možno použiť rôzne finančné zdroje  |c Pavol Giller 
520 |a Druhy štátnej a neštátnej podpory rozvoja bývania v SR. Nové legislatívne predpisy. Súbor základných predpisov, ktoré legislatívne upravujú systém poskytovania podpory rozvoja bývania. Podmienky a formy poskytnutej podpory. 
610 2 0 |a Slovensko 
610 2 0 |a 1997 
610 2 0 |a bývanie 
610 2 0 |a Štátny fond rozvoja bývania 
610 2 0 |a výstavba bytová 
610 2 0 |a predpisy právne 
100 1 |a Giller, Pavol